000 00991nam a2200265 i 4500
001 179921
003 ES-MaACL
005 20250727152906.0
008 120228s2002 sp af c |||| | spa d
020 _a84-88699-57-3
080 _a017.1(460.27 M.)
080 _a016:094"15/17"
110 2 _aBiblioteca Nacional (España)
_92188
245 1 0 _aNuevos ingresos de impresos antiguos en la Biblioteca Nacional
_b: siglos XVI-XIX /
_c[dirección, Julián Martín Abad ; equipo de catalogación, Purificación Benéitez Romero ... et al.].
260 _aMadrid :
_bBiblioteca Nacional,
_c2002.
300 _a171 p. :
_bil. ;
_c29 cm.
500 _aÍndices.
504 _aBibliografía: p. 11-12.
599 _aLám.: p. 141-169.
650 7 _aLibros antiguos-
_zBiblioteca Nacional de España-
_vCatálogos.
_9149480
700 1 _aMartín Abad, Julián,
_d1946-
_977380
700 1 _aBenéitez Romero, Purificación.
_9149481
852 _aES-MaACL
_jC-42326
999 _c179921
_d179921